000 00763nam a2200193 a 4500
001 000033245
005 20200930070125.0
008 090904s1901 dr 000 0 spa d
040 _aDO-SdBNP
_bspa
_bBNPHU
082 _axxx
_bR426c
110 1 _aRepública Dominicana
_9447
240 1 3 _a[Leyes, etc.]
245 1 0 _aCódigo civil de la República Dominicana.
250 _a2a ed. oficial
260 _aSanto Domingo
_f"La Cuna de América" J. R. Roques
_c1901.
300 _a116 p ;
_c25 cm.
500 _aArreglado por la comisión nombrada por el Poder Ejecutivo, y conforme al decreto del Congreso Nacional de fecha 4 de julio de 1882, conversando el orden de las artículos del texto francés vijente en la República desde el año 1845
049 _aBNPD
999 _c32736
_d32736